| 000 | 00586nam a2200193Ia 4500 | ||
|---|---|---|---|
| 003 | PILC | ||
| 005 | 20150511143059.0 | ||
| 008 | 140529s9999 xx 000 0 und d | ||
| 020 | _a9719192437 | ||
| 050 |
_aRT 41 _b.N937 2004 |
||
| 245 |
_aNursing practice in the community / _cAraceli S. Maglaya, editor. |
||
| 250 | _a4th ed. | ||
| 260 |
_aMarikina City, Philippines : _bArgonauta Corporation, _c2004. |
||
| 300 |
_a450 pages ; _c26 cm. |
||
| 500 | _aIncludes bibliographical references and appendix. | ||
| 650 | _aNursing process. | ||
| 942 |
_cBK _2lcc |
||
| 999 |
_c283952 _d283952 |
||